| 000 | 00467 a2200181 4500 | ||
|---|---|---|---|
| 001 | 065805 | ||
| 003 | OSt | ||
| 005 | 20210903162755.0 | ||
| 008 | |||
| 082 |
_a515 _bS51F |
||
| 100 | 1 | _aSomsundaram, D. | |
| 245 | 1 |
_aMathematical analysis _cby D. Somsundaram and B. Choudhary |
|
| 260 |
_aNew Delhi _bNarosa Publication _c2009 |
||
| 300 | _a606p. | ||
| 690 | _aMathematical analysis; | ||
| 700 | _aChoudhary, B. | ||
| 942 |
_2ddc _cBK |
||
| 999 |
_c134 _d134 |
||